Herby miast województwa podkarpackiego - Statystyki

Ogólne statystyki
  • Ten quiz został rozwiązany 58 razy
    53 od ostatniego zresetowania
  • Średni wynik to 24 z 54
Statystyki odpowiedzi
Obrazkowy Odpowiedź % Poprawnych
Rzeszów
90%
Przemyśl
80%
Stalowa Wola
80%
Mielec
77%
Głogów Małopolski
73%
Krosno
73%
Tarnobrzeg
70%
Boguchwała
67%
Kolbuszowa
63%
Lubaczów
63%
Ropczyce
63%
Dębica
60%
Bircza
57%
Nisko
57%
Brzozów
53%
Jarosław
53%
Jasło
53%
Sanok
53%
Sędziszów Małopolski
53%
Dukla
50%
Łańcut
50%
Ustrzyki Dolne
50%
Zaklików
50%
Strzyżów
47%
Iwonicz-Zdrój
43%
Leżajsk
40%
Przecław
40%
Przeworsk
40%
Rudnik nad Sanem
40%
Dynów
37%
Jedlicze
37%
Lesko
37%
Nowa Dęba
37%
Sieniawa
37%
Sokołów Małopolski
37%
Kańczuga
33%
Błażowa
30%
Cieszanów
30%
Dubiecko
30%
Baranów Sandomierski
27%
Jawornik Polski
27%
Radymno
27%
Rymanów
27%
Tyczyn
27%
Zagórz
27%
Narol
23%
Nowa Sarzyna
23%
Pruchnik
23%
Radomyśl Wielki
23%
Ulanów
23%
Kołaczyce
20%
Oleszyce
20%
Brzostek
17%
Pilzno
17%
Nie znaleziono quizów pasujących do podanych kryteriów
Rozkład punktacji
Procent ludzi z każdym wynikiem
Percentyl według liczby udzielonych odpowiedzi
Twoja historia wyników
Nie rozwiązałeś tego quizu od ostatniego zresetowania